[Event "CRO-chT"]
[Site "Medulin"]
[Date "1997.??.??"]
[Round "?"]
[White "Movsesian, Sergei"]
[Black "Dizdarevic, Emir"]
[Result "1-0"]
[WhiteElo "2630"]
[BlackElo "2540"]

1.e4 c6 2.d4 d5 3.Nd2 g6 4.h3 Bg7 5.Ngf3 Nd7 6.Bd3 dxe4 7.Nxe4 Ngf6 8.Nxf6+ Bxf6
9.Bh6 Nb6 10.c3 Bf5 11.Be2 Be4 12.O-O Bxf3 13.Bxf3 e6 14.Re1 Bg5 15.Bg7 Rg8
16.Be5 Bf6 17.Bg3 Kf8 18.a4 Nd5 19.a5 Kg7 20.Be4 Qd7 21.Qf3 Rgd8 22.Rad1 Rac8
23.Bb1 Re8 24.Re4 b5 25.axb6 axb6 26.c4 Ne7 27.Be5 Ng8 28.Rf4 Bxe5 29.dxe5 Qc7
30.Be4 Rf8 31.Rd6 Rcd8 32.Qc3 Ne7 33.Rf3 Nc8 34.Rfd3 c5 35.Rc6 Qe7 36.g3 Rxd3
37.Qxd3 Rd8 38.Qf3 Kg8 39.Qf6 Qd7 40.h4 Re8 41.h5 Qd1+ 42.Kg2 Qxh5 43.Rc7 Rf8
44.Bc6 Qg4 45.Be8 Qxc4 46.Bd7 Qa2 47.Kh2  1-0

[Event "After GP Mladi"]
[Site "Olomouc"]
[Date "1997.??.??"]
[Round "2"]
[White "Oral, Tomas"]
[Black "Movsesian, Sergei"]
[Result "1/2-1/2"]
[WhiteElo "2435"]
[BlackElo "2555"]

1.e4 c5 2.Nf3 e6 3.b3 a6 4.Bb2 Nc6 5.c4 Nge7 6.Nc3 Nd4 7.g3 Nec6 8.Bg2 g6
9.Nxd4 cxd4 10.Ne2 e5 11.O-O d6 12.f4 Bh6 13.a4 O-O 14.Ba3 Re8 15.d3 a5 16.f5 Nb4
17.h4 Na6 18.Kh2 Be3 19.Bh3 g5 20.h5 f6 21.Rb1 b6 22.Bc1 Bxc1 23.Nxc1 Nc5
24.Bg2 Ra7 25.g4 Bd7 26.Kh1  1/2-1/2

[Event "After GP Mladi"]
[Site "Olomouc"]
[Date "1997.??.??"]
[Round "7"]
[White "Movsesian, Sergei"]
[Black "Kalod, Radek"]
[Result "1-0"]
[WhiteElo "2555"]
[BlackElo "2430"]

1.e4 c5 2.Nf3 d6 3.d4 cxd4 4.Nxd4 Nf6 5.Nc3 a6 6.Be3 Ng4 7.Bg5 h6 8.Bh4 g5
9.Bg3 Bg7 10.Be2 h5 11.h4 gxh4 12.Rxh4 Nc6 13.Nb3 Be6 14.Qd2 Rc8 15.O-O-O Bf6
16.Rhh1 h4 17.Nd5 Bxd5 18.exd5 Nce5 19.Bxe5 Nxe5 20.Qb4 Qc7 21.c3 Rg8 22.Rhg1 Kf8
23.Kb1 Qd7 24.Qf4 Rg5 25.Nd4 Ng6 26.Qe4 Re5 27.Qf3 Rc5 28.Nb3 Rc8 29.Bd3 Rg5
30.Qe4 Re5 31.Qf3 Rg5 32.Bc2 Rc4 33.Nd2 Rf4 34.Qe3 Re5 35.Ne4 Bg5 36.Qe2 f5
37.g3 Rfxe4 38.Qh5 Rg4 39.f3 Rxg3 40.Rxg3 hxg3 41.Qxg5 Qe8 42.f4 Nxf4 43.Qh6+ Kg8
44.Qxf4 Qg6 45.Rg1 Kf7 46.a3 Qg4 47.Qxg4 fxg4 48.Rxg3 Kf6 49.Rxg4 Rxd5 50.Rg6+ Kf7
51.Bb3  1-0

[Event "After GP Mladi"]
[Site "Olomouc"]
[Date "1997.??.??"]
[Round "8"]
[White "Movsesian, Sergei"]
[Black "Mokry, Karel"]
[Result "1/2-1/2"]
[WhiteElo "2555"]
[BlackElo "2500"]

1.e4 e5 2.Nf3 Nc6 3.Bb5 a6 4.Ba4 g6 5.Bxc6 dxc6 6.b3 c5 7.Bb2 f6 8.O-O Ne7
9.Ne1 Nc6 10.f4 Bd6 11.Nd3 exf4 12.Nxf4 Be5 13.Bxe5 Nxe5 14.Nd5 O-O 15.d4 cxd4
16.Qxd4 Qd6 17.c3 Ng4 18.g3 c5 19.Qd2 Ne5 20.c4 Bh3 21.Rf2 b5 22.Nbc3 bxc4
23.bxc4 Nxc4 24.Qh6 Bd7 25.Qh4 Kg7 26.Nxf6 Rxf6 27.Rd1 Rxf2 28.Rxd6 Rf7 29.Rxd7 Rxd7
30.Qg5 Re8 31.Qxc5 Ne5 32.Nd5 Rf7 33.Kg2 h5 34.Qb6 Rc8 35.Qd4 Re8 36.Qb6 Rc8
37.Qb2 Re8 38.h4 Kh7 39.Qb6 Kg7 40.Nf4 Rfe7 41.Qd6 Rd7 42.Qxa6  1/2-1/2

[Event "EU-chT (Men)"]
[Site "Pula"]
[Date "1997.??.??"]
[Round "1"]
[White "Movsesian, Sergei"]
[Black "Damaso, Rui"]
[Result "0-1"]
[WhiteElo "2630"]
[BlackElo "2465"]

1.e4 d5 2.exd5 Nf6 3.Bb5+ Nbd7 4.c4 a6 5.Bxd7+ Bxd7 6.d4 e6 7.dxe6 Bxe6 8.d5 Bg4
9.f3 Bf5 10.Be3 Bb4+ 11.Kf2 O-O 12.a3 Bd6 13.Ne2 Re8 14.Ng3 Bg6 15.Bd4 Nd7
16.Rf1 Ne5 17.Kg1 Qh4 18.Nc3 Nxc4 19.Nce4 Bf4 20.Re1 f5 21.Qd3 Ne5 22.Bxe5 fxe4
23.Qc4 Bxe5 24.d6+ Kh8 25.d7 Red8 26.Rad1 Qe7  0-1

[Event "Pula op"]
[Site "Pula"]
[Date "1997.??.??"]
[Round "1"]
[White "Movsesian, Sergei"]
[Black "Draganic, Stjepan"]
[Result "1-0"]
[WhiteElo "2630"]
[BlackElo "2185"]

1.e4 c6 2.Nc3 d5 3.Nf3 dxe4 4.Nxe4 Bf5 5.Ng3 Bg6 6.h4 h6 7.Ne5 Qd6 8.d4 Nd7
9.Nxg6 Qxg6 10.Bf4 Ngf6 11.c4 e5 12.Bd3 Qg4 13.Bxe5 Bb4+ 14.Kf1 Nxe5 15.dxe5 Qxd1+
16.Rxd1 Nd7 17.f4 O-O-O 18.a3 Bf8 19.Ke2 a5 20.Bf5 Kc7 21.Bxd7 Rxd7 22.Rxd7+ Kxd7
23.Rd1+ Kc7 24.h5 g6 25.hxg6 fxg6 26.Ne4 Be7 27.g4 Rd8 28.f5 Re8 29.e6 gxf5
30.gxf5  1-0

[Event "EU-chT (Men)"]
[Site "Pula"]
[Date "1997.??.??"]
[Round "3"]
[White "Movsesian, Sergei"]
[Black "Efimov, Igor"]
[Result "0-1"]
[WhiteElo "2630"]
[BlackElo "2530"]

1.e4 e5 2.Nf3 Nc6 3.Bc4 d6 4.d4 Be7 5.h3 Nf6 6.Nc3 O-O 7.O-O Nd7 8.d5 Ncb8
9.Be3 c6 10.b4 Nb6 11.Bb3 Na6 12.a3 c5 13.bxc5 Nxc5 14.a4 Nbd7 15.a5 Kh8
16.Qd2 Qe8 17.Ba4 Nxa4 18.Rxa4 a6 19.Qd3 Bd8 20.Rb1 Bc7 21.Nd2 g6 22.Nc4 f5
23.exf5 gxf5 24.f4 Qg6 25.Rf1 Bd8 26.Raa1 Rg8 27.Rf2 Bh4 28.Re2 Rg7 29.Rf1 h6
30.Na4 e4 31.Qa3 Nf6 32.Qxd6 Bd7 33.Nab6 Bb5 34.Nxa8 Bxc4 35.Ref2 Nxd5 36.Qb8+ Rg8
37.Bd4+ Bf6 38.Bxf6+ Qxf6 39.Qxb7 e3 40.Nb6 exf2+ 41.Rxf2 Nxb6 42.axb6 Qd6
43.Qf3 Kh7 44.Qb7+ Rg7 45.Qc8 Qd5 46.c3 Bb5 47.c4 Bxc4 48.b7 Rxb7 49.Rc2 Bb5
50.Rd2 Qxd2 51.Qxf5+ Kg7 52.Qe5+ Kg8 53.Qe6+ Rf7 54.Qg6+ Rg7 55.Qe6+ Kf8
56.Qf6+ Rf7 57.Qxh6+ Ke7 58.Qg5+ Kd7 59.Qc5 Qxf4 60.Qa7+ Kc8  0-1

[Event "Pula op"]
[Site "Pula"]
[Date "1997.??.??"]
[Round "7"]
[White "Movsesian, Sergei"]
[Black "Kosanski, Stanko"]
[Result "1-0"]
[WhiteElo "2630"]
[BlackElo "2375"]

1.e4 g6 2.d4 Bg7 3.Nc3 c6 4.h3 d5 5.Nf3 Nf6 6.e5 Nfd7 7.Bd3 Nf8 8.Be3 Ne6
9.Qd2 f6 10.exf6 exf6 11.O-O-O O-O 12.g4 Rf7 13.h4 Nf8 14.Rdg1 Be6 15.h5 c5
16.hxg6 hxg6 17.dxc5 Nc6 18.Nd4 Qd7 19.Nxe6 Qxe6 20.Bh6 d4 21.Bxg7 Rxg7 22.Ne4 Ne5
23.Qf4 Nfd7 24.Kb1 Rc8 25.Qh2 Kf8 26.g5 f5 27.Nf6 Rxc5 28.Qh8+ Kf7 29.f4 Nxf6
30.gxf6 Qxf6 31.fxe5 Rxe5 32.Bc4+ Ke7 33.Re1 Kd7 34.Qb8 Rxe1+ 35.Rxe1 Qh4
36.Bb5+  1-0

[Event "CZE-ch"]
[Site "Zlin"]
[Date "1997.??.??"]
[Round "4"]
[White "Freisler, Pavel"]
[Black "Movsesian, Sergei"]
[Result "0-1"]
[WhiteElo "2365"]
[BlackElo "2630"]

1.d4 Nf6 2.Nc3 d5 3.Bg5 Nbd7 4.f3 h6 5.Bh4 c5 6.dxc5 e6 7.b4 b6 8.c6 Ne5
9.b5 d4 10.Bxf6 gxf6 11.Ne4 f5 12.Nd2 Bb4 13.Rb1 Bc3 14.f4 Nc4 15.Nf3 e5
16.fxe5 Be6 17.Rb3 Nxd2 18.Nxd2 Bxb3 19.cxb3 Qh4+ 20.g3 Qe4 21.Rg1 Qxe5 22.Qc2 d3
23.Qc1  0-1

[Event "CZE-chT 9798"]
[Site "CZE"]
[Date "1998.02.07"]
[Round "6"]
[White "Movsesian, Sergei"]
[Black "Ftacnik, Lubomir"]
[Result "1-0"]
[WhiteElo "2595"]
[BlackElo "2580"]

1.e4 c5 2.Nf3 d6 3.d4 cxd4 4.Nxd4 Nf6 5.Nc3 a6 6.Be3 Ng4 7.Bc1 Nc6 8.h3 Nf6
9.g4 Nxd4 10.Qxd4 e5 11.Qd3 Be6 12.f4 exf4 13.Bxf4 d5 14.O-O-O dxe4 15.Nxe4 Nd5
16.Qb3 Qd7 17.Bc4 O-O-O 18.Rd3 Nxf4 19.Rxd7 Rxd7 20.Ng5 Be7 21.Bxe6 Nxe6
22.Nxe6 fxe6 23.Qxe6 Kc7 24.Rf1 Rhd8 25.a3 h6 26.Kb1 Rd1+ 27.Rxd1 Rxd1+ 28.Ka2 Bf6
29.Qe3 Rd5 30.c3 a5 31.Qf3 Rc5 32.a4 Kb8 33.Qe3 b6 34.Qe8+ Kb7 35.Kb3 Rc7
36.Qe4+ Ka7 37.Qd5 Rc5 38.Qd7+ Kb8 39.Kc2 Rc8 40.h4 Rc7 41.Qb5 Ka7 42.g5 hxg5
43.hxg5 Be7 44.Kd3 Bc5 45.Ke4 Bd6 46.Kd5 Bf4 47.Ke6 Bc1 48.b4 axb4 49.cxb4 Bb2
50.Kd6 Rc2 51.Qd3 Rc8 52.Kd7 Rb8 53.Qd6 Rb7+ 54.Kc8 Bc1 55.Qe5 Bd2 56.Qb5 Rb8+
57.Kd7 Rb7+ 58.Kc6 Bf4 59.Qf5 Bd2 60.Qc8 Re7 61.Qd8 Re6+ 62.Kd5  1-0

[Event "Cappelle op"]
[Site "Cappelle la Grande"]
[Date "1998.02.28"]
[Round "9"]
[White "Grabarczyk, Miroslaw"]
[Black "Movsesian, Sergei"]
[Result "1/2-1/2"]
[WhiteElo "2505"]
[BlackElo "2595"]

1.d4 e6 2.c4 Bb4+ 3.Bd2 Qe7 4.Nf3 f5 5.g3 Nf6 6.Bg2 Bxd2+ 7.Qxd2 d6 8.Nc3 e5
9.dxe5 dxe5 10.Nd5 Nxd5 11.cxd5 e4 12.Nd4 O-O 13.f3 Rd8 14.fxe4 fxe4 15.Nb5 Qe5
16.Rd1 c6 17.Qc3 Nd7 18.Qxe5 Nxe5 19.Nc3 e3 20.dxc6 Rxd1+ 21.Nxd1 bxc6 22.Nxe3 Be6
23.b3 a5 24.Kd2 a4 25.Kc3 axb3 26.axb3 Ra2 27.Nc2 c5 28.Ra1 Rxa1 29.Nxa1 Kf7
30.Nc2 Ke7 31.Ne3 Kd6 32.Be4 h6 33.Bf5 Bf7 34.Bh3 g6 35.Bg2 Be6 36.Be4 Bf7
37.Nf1 Be6 38.Nd2 g5 39.Bg2 Ke7 40.Bf3 Bf5 41.Nf1 Be6 42.Ne3 Kd6 43.Be4 Ng4
44.Nf1 Ne5 45.Bf3 Ke7 46.Nd2 Bf5 47.Be4 Be6 48.Bb7 Bf5 49.Bg2 Be6 50.Nf1 Kd6
51.Bf3 Ke7  1/2-1/2

[Event "CZE-chT 9798"]
[Site "CZE"]
[Date "1998.03.08"]
[Round "9"]
[White "Velicka, Petr"]
[Black "Movsesian, Sergei"]
[Result "0-1"]
[WhiteElo "2430"]
[BlackElo "2595"]

1.e4 c5 2.Nf3 e6 3.c4 Nc6 4.d4 cxd4 5.Nxd4 Nf6 6.Nc3 Qc7 7.Be3 a6 8.Rc1 Ne5
9.f3 h5 10.Be2 Ng6 11.Qd2 b6 12.O-O Bb7 13.Nb3 Bd6 14.h3 h4 15.f4 Nxe4 16.Nxe4 Bxe4
17.c5 bxc5 18.Nxc5 Bxc5 19.Bxc5 Qb7 20.f5 exf5 21.Qe3 f4 22.Rxf4 Nxf4 23.Qxf4 Qd5
24.b4 Rh6 25.Rc4 f5 26.Rd4 Qc6 27.Qe5+ Re6 28.Qxg7 O-O-O 29.Bd6 Kb7 30.b5 Qc1+
31.Kh2 Rxd6 32.bxa6+ Ka7 33.Qe5 Rxd4 34.Qxd4+ Ka8  0-1

[Event "New York op"]
[Site "New York"]
[Date "1998.03.16"]
[Round "2"]
[White "Kreiman, Boris"]
[Black "Movsesian, Sergei"]
[Result "0-1"]
[WhiteElo "2445"]
[BlackElo "2595"]

1.e4 c5 2.Nf3 Nc6 3.d4 cxd4 4.Nxd4 Qc7 5.Nc3 e6 6.a3 Nf6 7.Be3 a6 8.Be2 Nxd4
9.Bxd4 Bd6 10.g3 b5 11.O-O Bb7 12.Bf3 O-O 13.Bg2 e5 14.Be3 h6 15.Qd3 Rac8
16.Rad1 Bxa3 17.Nxb5 axb5 18.bxa3 Bc6 19.c4 bxc4 20.Qxc4 Qb7 21.Qb4 Qa8 22.Rd6 Rb8
23.Qd2 Bxe4 24.f3 Bc6 25.Rxf6 gxf6 26.Qd6 Rfe8 27.Bh3 Rb3 28.Bxh6 Qa7+ 29.Kg2 Rb2+
30.Kh1 Rf2  0-1

[Event "New York op"]
[Site "New York"]
[Date "1998.03.19"]
[Round "6"]
[White "Campora, Daniel H"]
[Black "Movsesian, Sergei"]
[Result "0-1"]
[WhiteElo "2520"]
[BlackElo "2595"]

1.e4 c5 2.Nf3 e6 3.d4 cxd4 4.Nxd4 a6 5.Bd3 Nf6 6.O-O d6 7.c4 b6 8.Nc3 Bb7
9.Qe2 g6 10.Bg5 Bg7 11.Rad1 O-O 12.f4 h6 13.Bh4 Qc7 14.e5 dxe5 15.fxe5 Nfd7
16.Ne4 Qxe5 17.Bc2 Nc6 18.Nf3 Qc7 19.Qd2 Nde5 20.Nxe5 Nxe5 21.b3 g5 22.Qd6 Qxd6
23.Nxd6 Bxg2 24.Kxg2 gxh4 25.b4 a5 26.b5 Rad8 27.c5 bxc5 28.Rf4 Rd7 29.b6 Rb8
30.Ba4 Rdd8 31.Nc4 Rxd1 32.Bxd1 Nxc4 33.Rxc4 Rxb6 34.Rxc5 Rb2+ 35.Bc2 Rxa2
36.Rc8+ Bf8 37.Kh3 Kg7 38.Kxh4 Ra3 39.Rc4 Be7+  0-1

[Event "CZE-chT 9798"]
[Site "CZE"]
[Date "1998.04.04"]
[Round "10"]
[White "Meduna, Eduard"]
[Black "Movsesian, Sergei"]
[Result "1/2-1/2"]
[WhiteElo "2470"]
[BlackElo "2595"]

1.d4 Nf6 2.Nf3 g6 3.Nbd2 c5 4.c3 cxd4 5.cxd4 Nc6 6.e3 d5 7.Bd3 Bf5 8.Qe2 Bg7
9.O-O O-O 10.b3 a5 11.a3 Ne4 12.Bb2 a4 13.bxa4 Rxa4 14.Bb5 Ra8 15.Nxe4 Bxe4
16.Rfc1 Na5 17.Nd2 Bf5 18.a4 Bd7 19.Ba3 Re8 20.Rab1 e5 21.dxe5 Bxe5 22.Nf3 Bg7
23.Rd1 Bc6  1/2-1/2

[Event "CZE-ch"]
[Site "Zlin"]
[Date "1998.06.16"]
[Round "4"]
[White "Pisk, Petr"]
[Black "Movsesian, Sergei"]
[Result "0-1"]
[WhiteElo "2310"]
[BlackElo "2595"]

1.e4 c5 2.Nf3 e6 3.g3 Nc6 4.Bg2 d5 5.exd5 exd5 6.d4 Bg4 7.Qe2+ Be7 8.dxc5 Nf6
9.O-O O-O 10.Nc3 Bxc5 11.Qb5 Qb6 12.Qxb6 axb6 13.Bf4 Rfe8 14.h3 Bf5 15.Nh4 Bxc2
16.Nxd5 Nxd5 17.Bxd5 Rad8 18.Bc4 h6 19.Be3 Rxe3 20.fxe3 Bxe3+ 21.Kh1 Be4+
22.Nf3 Ne5 23.Be2 Rd2 24.Rae1 f5 25.Bd1 Rxd1 26.Rxd1 Nxf3 27.Rd8+ Kf7 28.Rfd1 h5
29.g4 Ng5+ 30.Kh2 Bf4+ 31.Kg1 Nxh3+ 32.Kf1 hxg4 33.R8d7+ Kg6  0-1

[Event "CZE-ch"]
[Site "Zlin"]
[Date "1998.06.20"]
[Round "8"]
[White "Gross, David"]
[Black "Movsesian, Sergei"]
[Result "1/2-1/2"]
[WhiteElo "2425"]
[BlackElo "2595"]

1.e4 e6 2.d4 d5 3.Nc3 dxe4 4.Nxe4 Bd7 5.Nf3 Bc6 6.Bd3 Nd7 7.Qe2 Ngf6 8.O-O Bxe4
9.Bxe4 Nxe4 10.Qxe4 c6 11.Bg5 Nf6 12.Bxf6 Qxf6 13.Ne5 Rd8 14.Rad1 Bd6 15.Rd3 O-O
16.Rfd1 Qe7 17.c4 Qc7  1/2-1/2

[Event "CZE-ch"]
[Site "Zlin"]
[Date "1998.06.21"]
[Round "9"]
[White "Movsesian, Sergei"]
[Black "Cvek, Robert"]
[Result "1-0"]
[WhiteElo "2595"]
[BlackElo "2405"]

1.e4 c5 2.Nf3 Nc6 3.d4 cxd4 4.Nxd4 Nf6 5.Nc3 d6 6.h3 a6 7.g4 e5 8.Nde2 h6
9.Be3 b5 10.Bg2 Be7 11.Qd2 Be6 12.a4 O-O 13.axb5 axb5 14.O-O Qd7 15.Nd5 Rxa1
16.Rxa1 Rb8 17.Ng3 Nh7 18.Ra6 Bxd5 19.exd5 Nd4 20.Bxd4 exd4 21.Nf5 g6 22.Nxd4 Bf6
23.Nc6 Re8 24.Ra7 Qc8 25.Qf4 Re1+ 26.Kh2 Re2 27.Qxd6 Rxf2 28.Qxf6  1-0

[Event "MK Cafe Cup-A"]
[Site "Koszalin"]
[Date "1998.08.03"]
[Round "1"]
[White "Movsesian, Sergei"]
[Black "Bobrowska, Monika"]
[Result "1-0"]
[WhiteElo "2640"]
[BlackElo "2470"]

1.e4 e6 2.d4 d5 3.e5 c5 4.c3 Qb6 5.Nf3 Nc6 6.a3 Bd7 7.b4 cxd4 8.cxd4 Rc8
9.Be3 Nh6 10.Bd3 Ng4 11.O-O Be7 12.Qd2 Nxe3 13.fxe3 O-O 14.Nc3 Nb8 15.Kh1 Qd8
16.e4 Bc6 17.b5 dxe4 18.Nxe4 Bxe4 19.Bxe4 Rc7 20.Rad1 Kh8 21.Qd3 h6 22.d5 exd5
23.Bxd5 Qc8 24.Nd4 Nd7 25.Qe2 Bxa3 26.Nf5 f6 27.Be6 Qe8 28.Bxd7 Rxd7 29.e6 Rc7
30.Qd3 Bc5 31.Qg3 Bb6 32.Rfe1 Rg8 33.e7 Rd7 34.Rxd7 Qxd7 35.Nxg7 Bc7  1-0

[Event "MK Cafe Cup-A"]
[Site "Koszalin"]
[Date "1998.08.04"]
[Round "2"]
[White "Haba, Petr"]
[Black "Movsesian, Sergei"]
[Result "1/2-1/2"]
[WhiteElo "2515"]
[BlackElo "2640"]

1.e4 c5 2.c3 d6 3.d4 Nf6 4.Bd3 e5 5.dxe5 dxe5 6.Nf3 Nc6 7.Na3 Be7 8.Bg5 Nh5
9.Bxe7 Qxe7 10.Bb5 O-O 11.Nd2 Nf4 12.g3 Ng2+ 13.Ke2 Bh3 14.Qc2 Qg5 15.Bxc6 bxc6
16.Nac4 f5 17.Raf1 Rad8 18.Kd1 fxe4 19.Qxe4 Bg4+ 20.Kc1 Bf3 21.Qxe5 Qh6 22.Kc2 Rfe8
23.Nxf3 Rxe5 24.Nfxe5 Qh5 25.Rd1 Rd5 26.f4 h6 27.Rd2 Qf5+ 28.Kb3 Rxd2 29.Nxd2 Ne3
30.Rc1 Qe6+ 31.Ndc4 Kh7 32.a4 a6 33.Rg1 Nxc4 34.Nxc4 Qh3 35.Re1 Qxh2 36.Re3 Qf2
37.Rd3 h5 38.Re3 Qf1 39.Re5 Qd1+ 40.Ka3 Kg8 41.Rg5 Qe2 42.Kb3 Qd1+ 43.Ka3 Qd3
44.Kb3 Qf3 45.Ne5 Qd1+ 46.Ka3 Qh1 47.Kb3 h4 48.gxh4 Qxh4 49.Ng6 Qe1 50.Kc4 Qe2+
51.Kxc5 Qxb2 52.Kxc6 Qxc3+ 53.Kb6 Qb4+ 54.Kxa6 Qxa4+ 55.Kb6 Kh7 56.Kc5 Kh6
57.Kd5 Qb5+ 58.Ke4 Qe2+ 59.Kf5 Qd3+ 60.Kg4 Qxg6 61.Rxg6+ Kxg6  1/2-1/2

[Event "MK Cafe Cup-A"]
[Site "Koszalin"]
[Date "1998.08.06"]
[Round "4"]
[White "Movsesian, Sergei"]
[Black "Berelovich, Aleksandar"]
[Result "1/2-1/2"]
[WhiteElo "2640"]
[BlackElo "2495"]

1.e4 e6 2.d4 d5 3.e5 c5 4.c3 Qb6 5.Nf3 Bd7 6.Be2 Nc6 7.O-O Rc8 8.Na3 cxd4
9.cxd4 Nge7 10.Nc2 Nb4 11.Nxb4 Qxb4 12.b3 Nc6 13.Be3 Be7 14.a3 Qb6 15.b4 a6
16.Ne1 Na7 17.Nd3 Bb5 18.Nc5 Bxc5 19.bxc5 Qc7 20.Bxb5+ axb5 21.Qg4 O-O 22.Bg5 Kh8
23.Qh4 Qa5 24.Rae1 Nc6 25.Re3 Qd2 26.Re4 Qd3 27.Rg4 Qf5 28.Qg3 Ra8 29.h3 Rg8
30.Re1 f6 31.Bc1 fxe5 32.dxe5 Ra4 33.Rg5 Qc2 34.Rh5 Ne7 35.Be3 Qg6 36.Qxg6 Nxg6
37.Rb1 Rxa3 38.Bd2 d4 39.Rxb5 Ra2 40.Bg5 d3 41.Rxb7 d2 42.Rb1 h6 43.Rd1  1/2-1/2

[Event "CRO-chT"]
[Site "Porec"]
[Date "1998.09.14"]
[Round "8"]
[White "Ruck, Robert"]
[Black "Movsesian, Sergei"]
[Result "0-1"]
[WhiteElo "2485"]
[BlackElo "2640"]

1.d4 Nf6 2.c4 g6 3.Nf3 Bg7 4.g3 O-O 5.Bg2 d6 6.Nc3 c6 7.O-O Nbd7 8.h3 e5
9.e4 a5 10.Re1 Re8 11.b3 exd4 12.Nxd4 Nc5 13.Bf4 Nh5 14.Be3 Qe7 15.Qd2 Nf6
16.Bf4 Nfd7 17.Rad1 Ne5 18.Qc2 Ne6 19.Nxe6 Bxe6 20.Be3 Qf6 21.Bd4 g5 22.Rf1 Qh6
23.f4 gxf4 24.gxf4 Bxh3 25.fxe5 c5 26.e6 Bxd4+ 27.Rxd4 cxd4 28.exf7+ Kh8
29.fxe8=Q+ Rxe8 30.Qd3 Bxg2 31.Qxd4+ Re5 32.Rf5 Qh1+ 33.Kf2 Bh3 34.Rxe5 Qf1+
35.Kg3 Qg2+ 36.Kf4 Qg4+ 37.Ke3 Qg1+ 38.Kd3 Bf1+ 39.Ne2 Bxe2+ 40.Kc3 Qa1+  0-1

[Event "CRO-chT"]
[Site "Porec"]
[Date "1998.09.15"]
[Round "9"]
[White "Movsesian, Sergei"]
[Black "Rogic, Davor"]
[Result "1/2-1/2"]
[WhiteElo "2640"]
[BlackElo "2460"]

1.e4 e5 2.Nf3 Nc6 3.Nc3 Nf6 4.Bb5 Bb4 5.O-O O-O 6.d3 d6 7.Bg5 Bxc3 8.bxc3 Qe7
9.Re1 Bd7 10.d4 Rad8 11.Rb1 b6 12.Nh4 h6 13.Bc1 exd4 14.Nf5 Qe6 15.Bxc6 Bxc6
16.Nxd4 Qd7 17.f3 Rfe8 18.c4 Bb7 19.Bb2 Nh7 20.Nf5 f6 21.Qd2 Qf7 22.Ne3 Nf8
23.Rbd1 Nd7 24.Kh1 Ne5 25.Qb4 Bc8 26.Bxe5 Rxe5 27.Rd5 Rde8 28.Qc3 R5e7 29.g4 Bb7
30.Rdd1 Re5 31.Nd5 Qd7 32.Kg2 Qc6 33.Nb4 Qd7 34.Kg3 Rg5 35.Qb3 Kf8 36.Nd5 Qc6
37.Re3 Qc5 38.Rc3 Bc6 39.a3 Bb7 40.Kg2 Bc8 41.h3 Be6 42.Qb2 Bf7 43.Qb4 Qc6
44.Ne3 Rc5 45.Rd4 Rb8 46.Nd5 Qe8 47.Rb3 Rc8 48.Qd2 Qa4 49.Rc3 Qa6 50.h4 Qb7
51.f4 Re8 52.g5 c6 53.Nb4 hxg5 54.hxg5 fxg5 55.Nd3 Ra5 56.Rxd6 gxf4 57.Qxf4 Rh5
58.Nf2 c5 59.Rg3 Qe7 60.Rg4 Rh7 61.Rdg6 Rd8 62.R6g5 Rd4 63.Qb8+ Rd8 64.Qf4 Rd4
65.Qb8+  1/2-1/2

[Event "Elista ol (Men)"]
[Site "Elista"]
[Date "1998.09.29"]
[Round "1"]
[White "Aikhoje, Odion"]
[Black "Movsesian, Sergei"]
[Result "1/2-1/2"]
[WhiteElo "2285"]
[BlackElo "2640"]

1.Nf3 Nf6 2.d4 g6 3.Bg5 Bg7 4.Nbd2 O-O 5.e3 d6 6.Bd3 Nbd7 7.Qe2 e5 8.c3 h6
9.Bxf6 Qxf6 10.O-O-O exd4 11.exd4 Nb6 12.Rhe1 Be6 13.Kb1 Rae8 14.Ne4 Qd8
15.Qc2 Nd5 16.Qd2 c6 17.c4 Nb6 18.c5 dxc5 19.Nxc5 Bc8 20.h4 Bg4 21.Nxb7 Qf6
22.Na5 Bxf3 23.gxf3 Qxd4 24.Re4 Rxe4 25.Bxe4 Qf6 26.Qc2 Na4 27.Nc4 Rb8 28.Rd6 Nc3+
29.Kc1 Qf4+ 30.Qd2 Nxa2+ 31.Kb1 Nc3+ 32.Kc2 Qxd2+ 33.Kxd2 Na4 34.Bxc6 Nxb2
35.Ne3 Bd4 36.h5 Bxe3+ 37.fxe3 gxh5 38.Bd5 Na4 39.Rxh6 Rb2+ 40.Kd3 Rh2 41.Rf6 Nc5+
42.Kd4 Nd7 43.Bxf7+ Kg7 44.Rf5  1/2-1/2

[Event "Elista ol (Men)"]
[Site "Elista"]
[Date "1998.10.09"]
[Round "10"]
[White "Zhang Zhong"]
[Black "Movsesian, Sergei"]
[Result "1-0"]
[WhiteElo "2510"]
[BlackElo "2640"]

1.e4 c5 2.c3 d6 3.d4 Nf6 4.Bd3 e5 5.Nf3 Nc6 6.d5 Ne7 7.O-O g6 8.Nfd2 Bg7
9.Nc4 O-O 10.f4 b5 11.fxe5 dxe5 12.Ne3 Bd7 13.c4 b4 14.Nd2 a5 15.a4 Ne8 16.Nb3 Qb6
17.Ng4 f5 18.Bg5 Qd6 19.Nh6+ Kh8 20.Qd2 Nf6 21.Qe3 fxe4 22.Qxc5 Qxc5+ 23.Nxc5 Bxh6
24.Bxh6 exd3 25.Bxf8 Rxf8 26.Rxf6 Rxf6 27.Nxd7 Rf5 28.Nc5 Rf4 29.b3 e4 30.g3 Rf3
31.Nxe4 Re3 32.Nc5 Re2 33.Nxd3 Nf5 34.Rd1 Nd4 35.Kf1 Re8 36.Nc5 Nc2 37.Rd2 Ne3+
38.Kf2 Ng4+ 39.Kg2 Ne3+ 40.Kf3 Nf5 41.Ne6  1-0

[Event "Groningen op"]
[Site "Groningen"]
[Date "1998.12.28"]
[Round "8"]
[White "Movsesian, Sergei"]
[Black "Luther, Thomas"]
[Result "1-0"]
[WhiteElo "2640"]
[BlackElo "2560"]

1.e4 e6 2.d4 d5 3.e5 c5 4.c3 Nc6 5.Nf3 Bd7 6.a3 f6 7.Bd3 cxd4 8.cxd4 Nh6
9.O-O Nf7 10.Re1 Be7 11.Nc3 O-O 12.Qc2 h6 13.Qd1 fxe5 14.dxe5 Be8 15.Bb1 Nh8
16.Ne2 Rxf3 17.gxf3 Bg6 18.Ng3 Bxb1 19.Rxb1 Ng6 20.f4 Nh4 21.Kh1 Qd7 22.Qd3 Rf8
23.Bd2 Bc5 24.Be3 d4 25.Bd2 Ne7 26.Qe4 Nef5 27.Rbc1 Bb6 28.Rc4 Rd8 29.Rec1 d3
30.Be3 Bxe3 31.fxe3 Nxg3+ 32.hxg3 Nf5 33.Qf3 Nxg3+ 34.Kh2 Nf5 35.e4 d2 36.Rd1 Nd4
37.Qg4 Qb5 38.Rc7 g5 39.Qh5 Qe2+ 40.Qxe2 Nxe2 41.f5 Rd3 42.fxe6 g4 43.Rf7 Nd4
44.Rf6 Nc6 45.Kg2 Kg7 46.Rf2 Re3 47.Rdxd2 Rxe4 48.Rd7+ Kg6 49.Rf6+ Kh5 50.e7 Rxe5
51.Rd5  1-0

[Event "Cappelle op"]
[Site "Cappelle la Grande"]
[Date "1998.??.??"]
[Round "5"]
[White "Movsesian, Sergei"]
[Black "Luther, Thomas"]
[Result "1/2-1/2"]
[WhiteElo "2595"]
[BlackElo "2510"]

1.e4 e6 2.d4 d5 3.e5 c5 4.c3 Nc6 5.Nf3 Bd7 6.a3 f6 7.b4 fxe5 8.b5 Nxd4 9.Nxe5 Nf5
10.Qh5+ g6 11.Nxg6 Nf6 12.Qh3 Rg8 13.Nxf8 Kxf8 14.Bd3 Ne4 15.Nd2 Ng5 16.Qh5 Qf6
17.Bb2 c4 18.Bc2 Qe5+ 19.Qe2 Qxe2+ 20.Kxe2 Bxb5 21.a4 Bc6 22.h4 Ne4 23.Nxe4 dxe4
24.g3 Rd8  1/2-1/2

[Event "Cappelle op"]
[Site "Cappelle la Grande"]
[Date "1998.??.??"]
[Round "7"]
[White "Movsesian, Sergei"]
[Black "Damaso, Rui"]
[Result "1-0"]
[WhiteElo "2595"]
[BlackElo "2440"]

1.e4 d5 2.exd5 Nf6 3.Nf3 Bg4 4.Be2 Qxd5 5.d4 Nc6 6.c4 Qh5 7.Be3 O-O-O 8.Nbd2 e5
9.d5 Nd4 10.Nxd4 exd4 11.Bxd4 Bd6 12.Bxg4+ Nxg4 13.h3 f5 14.O-O Bh2+ 15.Kh1 Bf4
16.Nb3 Rhe8 17.Nc5 g5 18.Qf3 Qh4 19.d6 c6 20.Qb3 b6 21.Qa4 Rxd6 22.Qa6+  1-0

[Event "CZE-chT 9899"]
[Site "CZE"]
[Date "1998.??.??"]
[Round "1"]
[White "Movsesian, Sergei"]
[Black "Stocek, Jiri"]
[Result "1/2-1/2"]
[WhiteElo "2595"]
[BlackElo "2450"]

1.e4 c5 2.Nf3 d6 3.d4 cxd4 4.Nxd4 Nf6 5.Nc3 Nc6 6.h3 g6 7.g3 Nxd4 8.Qxd4 Bg7
9.Bg5 O-O 10.Qd2 b5 11.a3 Bb7 12.Bg2 a5 13.O-O b4 14.axb4 axb4 15.Rxa8 Qxa8
16.Nd5 Nxd5 17.exd5 e6 18.Be7 Rc8 19.Bxd6 Bxb2 20.Qxb4 Bc3 21.Qb3 Bxd5 22.Bxd5 Qxd5
23.Qxd5 exd5 24.Rd1 Bg7 25.Rxd5 Rxc2 26.g4  1/2-1/2

[Event "CZE-chT 9899"]
[Site "CZE"]
[Date "1998.??.??"]
[Round "2"]
[White "Varejcko, Josef"]
[Black "Movsesian, Sergei"]
[Result "1/2-1/2"]
[WhiteElo "2320"]
[BlackElo "2595"]

1.d4 Nf6 2.Nf3 g6 3.g3 Bg7 4.Bg2 O-O 5.O-O c6 6.c4 d6 7.b4 Nbd7 8.Bb2 Re8
9.a4 a5 10.b5 c5 11.d5 Nb6 12.Nfd2 e6 13.dxe6 Bxe6 14.Bxb7 Nxc4 15.Nxc4 Bxc4
16.Re1 Rb8 17.Bc6 Rf8 18.Nd2 Be6 19.Rc1 h5 20.Nc4 d5 21.Ne3 d4 22.Ng2 Nd5
23.Bxd5 Qxd5 24.Nf4 Qa2 25.Nxe6 fxe6 26.Ba1 c4 27.Bxd4 Bxd4 28.Qxd4 Qxa4
29.Rxc4 Qxb5 30.Rc7 Rf7 31.Rxf7 Kxf7 32.Rc1 Rb7 33.Qf4+ Kg7 34.Rc7+ Rxc7
35.Qxc7+ Kf6 36.Qd8+ Kf5 37.f3 Qc5+ 38.Kg2 e5 39.Qd3+ Kf6 40.Qd8+ Kg7 41.h4 Qe3
42.Qe7+  1/2-1/2

[Event "New York op"]
[Site "New York"]
[Date "1998.??.??"]
[Round "5"]
[White "Movsesian, Sergei"]
[Black "Gurevich, Mikhail"]
[Result "0-1"]
[WhiteElo "2595"]
[BlackElo "2635"]

1.e4 e6 2.d4 d5 3.e5 c5 4.c3 Nc6 5.Nf3 Bd7 6.a3 Nge7 7.b4 cxd4 8.cxd4 Nf5
9.Bb2 b5 10.Nbd2 a5 11.Bxb5 axb4 12.a4 Be7 13.O-O O-O 14.h3 Na5 15.Bd3 Rc8
16.Qe2 Qb6 17.g4 Nh6 18.Bb1 Rc7 19.Qd3 g6 20.Nb3 Nxb3 21.Qxb3 Ra8 22.Qd1 Kg7
23.Bc2 b3 24.Bxb3 Bxa4 25.Qd3 Bb5 26.Qe3 Bxf1 27.Rxa8 Bxh3 28.g5 Nf5 29.Qd3 Bg4
30.Nh2 Be2 31.Qxe2 Qxb3 32.Ng4 Qb7 33.Re8 Rc8 34.Nf6 Rxe8 35.Nxe8+ Kf8 36.Nf6 Kg7
37.Ne8+ Kh8 38.Nf6 h6 39.Qc2 hxg5 40.Qc3 Bxf6 41.exf6 g4 42.Qc5 Qb8 43.Bc1 g5
44.Bxg5 Kh7 45.Bc1 g3 46.Qc3 gxf2+ 47.Kg2 Qg3+ 48.Qxg3 Nxg3 49.Kxf2 Nh5  0-1

[Event "Pardubice Czech op"]
[Site "Pardubice"]
[Date "1998.??.??"]
[Round "2"]
[White "Movsesian, Sergei"]
[Black "Lamprecht, Frank"]
[Result "1/2-1/2"]
[WhiteElo "2595"]
[BlackElo "2395"]

1.e4 e6 2.d4 d5 3.e5 c5 4.c3 Nc6 5.Nf3 Bd7 6.a3 f6 7.Bd3 fxe5 8.dxe5 Qc7
9.Qe2 O-O-O 10.O-O Nh6 11.Re1 Nf7 12.h4 Be7 13.Bf4 Rdg8 14.c4 dxc4 15.Bxc4 g5
16.hxg5 Nxg5 17.Bxg5 Bxg5 18.Nc3 Nd4 19.Nxd4 cxd4 20.Nb5 Bxb5 21.Bxb5 Kb8
22.Rad1 Qb6 23.Bc4 Rc8 24.b3 Rhg8 25.Qg4 Bd2 26.Qxe6 Bxe1 27.Qxb6 axb6 28.Bxg8 Bxf2+
29.Kxf2 Rxg8 30.Rxd4 Rg5 31.Re4 Kc7 32.a4 Kd7 33.Kf3 b5 34.g4 h5 35.gxh5 Rxh5
36.Kg4 Rh8 37.Rb4 Ke6 38.Rxb5 Rf8 39.a5 Rf7 40.Rc5 Rf1 41.Rb5 Rf7 42.a6 bxa6
43.Rb6+ Kxe5 44.Rxa6  1/2-1/2